| 000 | 00861nas a2200253Ia 4500 | ||
|---|---|---|---|
| 001 | R020/46145 | ||
| 003 | IT-RoPAU | ||
| 008 | 151124c99999999xx |||||||||||| ||und|| | ||
| 040 | _aIT-RoPAU | ||
| 040 | _cIT-RoPAU | ||
| 041 | _aITALIANO | ||
| 100 |
_aCrafton Donald _gCodice Aut. SPICS: 22098 |
||
| 210 | _aGRIFFITHIANA | ||
| 222 | _aGriffithiana | ||
| 245 |
_aGRIFFITHIANA, ANNO 09-N.28 (DICEMBRE 1986) _bClair De Lune Espagnol di Emile Cohl |
||
| 250 | _a1a ed. | ||
| 260 |
_aGEMONA (UDINE) _bCINETECA DEL FRIULI _c1986 |
||
| 501 |
_bPaulus - SPICS - Società San Paolo EM (non-commercial uses only) _cCopyright2015 |
||
| 300 | _a9 p. [49-57] | ||
| 362 | _aANNO 009, N.28 (DICEMBRE 1986) | ||
| 500 | _aSaggio Sull'Opera di Emile Cohl. Clair De Lune Espagnol è una Commedia Slapstick. | ||
| 650 |
_aCINEMA _vPUBBLICAZIONE PERIODICA |
||
| 942 | _cCR | ||
| 999 |
_c126450 _d126450 |
||